Statistiken für Länder mit P

Klicken Sie hier um das Quiz zu spielen!

Allgemein

  • Dieses Quiz wurde 1.247 mal gespielt
  • Das Durchschnittsergebnis liegt bei 7 aus 9

Antwortstatistiken

HintAntwort% Korrekt
8Polen
89%
9Portugal
89%
6Peru
85%
3Panama
84%
1Pakistan
82%
5Paraguay
79%
2Palau
78%
4Papua-Neuguinea
66%
7Philippinen
57%

Verteilung der Resultate

Perzentil nach korrekt beantworteten Fragen

Anzahl Personen mit jedem Resultat

Ihre Resultats-Entwicklung

Sie haben dieses Quiz noch nicht gespielt